|
|
|
|
| LEADER |
00000nam a22000007a 4500 |
| 005 |
2022052005085.0 |
| 007 |
cr|||| |||| |
| 008 |
220520s2022 es |||||s|||| 00||0 spa d |
| 035 |
|
|
|a 36340
|
| 040 |
|
|
|a vLex
|
| 090 |
|
|
|c 13385
|d 13385
|
| 100 |
1 |
|
|a Fuertes, Javier
|
| 245 |
1 |
0 |
|a Prc̀tico Derechos Fundamentales
|h [Recurso electrn̤ico] /
|c Javier Fuertes
|
| 256 |
|
|
|a Servicio en ln̕ea
|
| 260 |
|
|
|a Barcelona:
|b Editorial vLex,
|c 2022
|
| 300 |
|
|
|a 1 recurso electrn̤ico
|
| 500 |
|
|
|a En la obra "Prc̀tico Derechos Fundamentales", dirigida por el magistrado Javier Fuertes, se analiza el marco normativo de los derechos fundamentales y libertades pb︢licas, creando una gua̕ prc̀tica complementada con la mejor seleccin̤ jurisprudencial. Esta obra considerada esencial supone para el lector la puesta a disposicin̤ de unas herramientas que permiten una mejor invocacin̤ de derechos fundamentales en el marco de un proceso judicial.
|
| 506 |
1 |
|
|a Disponible solo en los productos indicados
|d vLex Global
|d vLex Global (Academic Edition, excluding Law Schools)
|d vLex Global (U.S. Academic Edition, Law Schools)
|d vLex Global (U.S. Academic Edition, excluding Law Schools)
|d vLex Global (Academic Edition, Law Schools)
|
| 650 |
0 |
4 |
|a Derecho Constitucional
|z Espaą
|
| 740 |
0 |
|
|a Prc̀ticos vLex (Servicio en ln̕ea)
|
| 856 |
4 |
0 |
|u https://app.vlex.com/#/sources/36340
|z Acceso restringido
|
| 942 |
|
|
|c BOOK
|
| 999 |
0 |
|
|a Constitutional right
|